| 000 | 00807nam a2200241 4500 | ||
|---|---|---|---|
| 003 | KOHA_MİRAKIL | ||
| 005 | 20260414072904.0 | ||
| 008 | 260414b tu ||||| |||| 00| 0 tur d | ||
| 020 | _a9789944680271 | ||
| 040 |
_aTR-AnABB _btur _cTR-AnABB |
||
| 041 | _atur | ||
| 082 |
_a321.8 _bDUL 2008 |
||
| 100 | 1 | _aDulkadir, Mutlu | |
| 245 | 1 | 0 |
_aDoğrudan demokrasi : _bzapatist özyönetim deneyimi / _cMutlu Dulkadir |
| 250 | _a1. basım | ||
| 260 |
_aAnkara : _bAlgı Yayın, _c2008 |
||
| 300 |
_a175 sayfa ; _c20 cm |
||
| 490 | 0 |
_aAlgı yayın ; _v33 |
|
| 490 | 0 |
_aSiyaset ; _v1 |
|
| 505 | _aİçindekiler: Demokrasinin kökenleri - Temsili demokrasi - Yeni bir doğrudan demokrasi örneği olarak Chiapas ve Zapatist Hareket | ||
| 650 | 0 | 4 | _aDemokrasi, Tarih ve Kuram |
| 942 |
_2ddc _cBK |
||
| 999 |
_c10208 _d10208 |
||
| 900 | _bCan ÇELIK | ||